| 000 | 00559nam a2200133Ia 4500 | ||
|---|---|---|---|
| 008 | 171207s9999 xx 000 0 und d | ||
| 100 | _aRivens, Rena | ||
| 245 | 4 | _aThe gender binary will not be deprogrammed: Ten years of coding gender on Facebook | |
| 245 | _cRena Bivens | ||
| 260 | _c2017 | ||
| 300 | _apages 880-898, June 2017 | ||
| 440 |
_aNew Media & Society _v19:6 |
||
| 650 | _aAdvertising, application programming interface, code, database, gender binary, queer theory, software-user relationship, social media software, sociotechnical, transgender | ||
| 999 |
_c347655 _d347655 |
||